Hindu-Koh: wandering and wild sport on and beyond the Himalayas.
Gardado en:
| Autor Principal: | |
|---|---|
| Formato: | Libro |
| Idioma: | inglés |
| Publicado: |
London, England, United Kingdom
William Blackwood and Sons
1889
|
| Subjects: | |
| Tags: |
Engadir etiqueta
Sen Etiquetas, Sexa o primeiro en etiquetar este rexistro!
|
MARC
| LEADER | 00000nam a2200000 a 4500 | ||
|---|---|---|---|
| 001 | UCJ5451 | ||
| 003 | CL-VaPUC | ||
| 005 | 20210624001418.0 | ||
| 008 | 070124e18890000UK |||||||||||||||||eng|d | ||
| 999 | |c 321560 |d 321558 | ||
| 040 | |c Pontificia Universidad Católica de Valparaíso | ||
| 082 | 0 | 4 | |a 910.4 MAC 1889 |2 21 |
| 100 | |a Macintyre, Donald |e autor |9 510637 | ||
| 245 | 1 | 0 | |a Hindu-Koh: wandering and wild sport on and beyond the Himalayas. |
| 260 | 0 | 3 | |a London, England, United Kingdom |b William Blackwood and Sons |c 1889 |
| 300 | |a 464 páginas. | ||
| 500 | |a Ilustraciones | ||
| 583 | |a last modification |c 20070124 00:00:00 |k Rodrigo Vera | ||
| 650 | 7 | |a MONTAÑISMO |2 CL-VaPUC |9 384709 | |
| 650 | 0 | |a Aborígenes |9 329972 | |
| 650 | 0 | |a Cultura |9 269059 | |
| 650 | 7 | |a GURKAS |2 CL-VaPUC |9 510638 | |
| 651 | 7 | |a HIMALAYAS |2 CL-VaPUC |9 510639 | |
| 651 | 7 | |a TIBET |2 CL-VaPUC |9 324206 | |
| 942 | |c BK |2 ddc | ||
| 945 | |d 20070124 00:00:00 |a rinostro | ||
| 952 | |0 0 |1 0 |2 ddc |4 0 |6 910_400000000000000_MAC_1889 |7 0 |8 X |9 400332 |a FDOBUD |b FDOBUD |d 2019-11-22 |i 1034898 |o 910.4 MAC 1889 |p 1034898 |r 2019-11-22 |t 1 |w 2019-11-22 |y BK_X |k BUD | ||